LIBRARY & INFORMATION CENTRE, KCAET, TAVANUR

ONLINE PUBLIC ACCESS CATALOGUE (OPAC)

Making information technology work / (Record no. 547)

MARC details
000 -LEADER
fixed length control field 00424cam a2200157ua 4500
003 - CONTROL NUMBER IDENTIFIER
control field OSt
008 - FIXED-LENGTH DATA ELEMENTS--GENERAL INFORMATION
fixed length control field 211020b ||||| |||| 00| 0 eng d
020 ## - INTERNATIONAL STANDARD BOOK NUMBER
ISBN 81-7036-796-4
100 ## - MAIN ENTRY--AUTHOR NAME
Personal name Kanungo, Shivraj .
245 ## - TITLE STATEMENT
Title Making information technology work /
260 ## - PUBLICATION, DISTRIBUTION, ETC. (IMPRINT)
Place of publication New Delhi :
Name of publisher Sage Publications ,
Year of publication 1999.
300 ## - PHYSICAL DESCRIPTION
Number of Pages 430 ; .
650 ## - SUBJECT ADDED ENTRY--TOPICAL TERM
Topical Term Computers
650 ## - SUBJECT ADDED ENTRY--TOPICAL TERM
Topical Term Information Technology
942 ## - ADDED ENTRY ELEMENTS (KOHA)
Koha item type Books
Holdings
Withdrawn status Lost status Damaged status Home library Current library Date acquired Accession Number Koha item type
      KAUAET KAUAET 07/04/2012 20692 Books
free website counter